Open Data Biblioteca Nacional de Portugal


República Portuguesa: Ministério da Cultura
Biblioteca Nacional de Portugal

Catálogo da BNP: acesso por Identificadores Unívocos
Registos Bibliográficos associados ao registo de autoridade

Etiqueta de registo: 00830cam 2200253 450
001 481500
003 http://id.bnportugal.gov.pt/bib/catbnp/481500
005 19990101000000.0
095 ## $aPTBN00684286
100 ## $a19950113d1994 m y0pory0103 ba
101 0# $apor
102 ## $aPT
105 ## $ay z 101yy
106 ## $ar
200 1# $aI Congresso dos Quadros Caboverdeanos da Diáspora$econclusões$forg. Associação Caboverdiana... [et al.]
210 #9 $aLisboa$cA.C.,$d1994
215 ## $a21 p.$d21 cm
607 ## $aCabo Verde$xEmigração$xCongressos$x [ Programas]$2SIPOR$3166588
675 ## $a314.7(665.8)(087.93)$vBN$zpor$3567077
710 12 $aCongresso dos Quadros Caboverdeanos da Diáspora,$d1,$eLisboa,$f1994$31104325
712 02 $aAssociação Caboverdiana de Lisboa$4557$3163433
801 #0 $aPT$bBN$gRPC
966 ## $c2$lBN$mFGMON$sS.C. 71779 V.$x1
966 ## $c2$lBN$mFGMON$sS.C. 71779 V.$x1

OpendataBNP@bnportugal.pt | Mais informação sobre acesso aos dados BNP